00757nam a2200241 i 4500003000900000005001700009007000300026008004100029040003000070082001300100245009100113250001900204264005400223300002800277336002700305337003400332338002800366490004900394590002700443910001400470942001400484999001700498DO-SdBNP20241010131355.0ta241010s1978 dr 000 0 spa d aDO-SdBNPbspacBNPHUerda bT31422202aLa teoría de los 3 mundos y el marxismo :bsegunda conferencia nacional de cuadros / a2a. edición  1aSanto Domingo : bEdiciones Socialistas, c1978. a52 páginas, c21 cm. atextobtxt2rdacontent asin mediación bn2rdamedia avolumenbnc2rdacarrier1 aMovimiento de liberación Nacional-Corecato aInventariado, 2024/ YL aYLockward 2ddccLBS1 c57819d57819